| 000 | 00662nam a2200253Ia 4500 | ||
|---|---|---|---|
| 003 | OSt | ||
| 005 | 20231110152457.0 | ||
| 008 | 210323s9999||||xx |||||||||||||| ||und|| | ||
| 020 | _a0060409428 | ||
| 040 | _cSTCPL | ||
| 041 | _aENG | ||
| 082 |
_a515.35 _bFRE-I |
||
| 100 | _aBrauer, Fred | ||
| 100 | _aNohel, John A. | ||
| 245 | 0 |
_aIntroduction to differential equations with applications / _cby Fred Brauer and John A. Nohel |
|
| 260 |
_aNew York : _bHarper and Row Publishers , _c1986 . |
||
| 300 |
_a572 p. _bHB |
||
| 650 | _aMathematics | ||
| 650 | _aEquations | ||
| 650 | _aSeries | ||
| 650 | _aLaplace transform | ||
| 942 | _cBK | ||
| 942 | _2ddc | ||
| 999 |
_c32612 _d32612 |
||